Welcome to WEB OPAC of MRSPTU Central Library

Metal cutting theory and practice (Record no. 1202)

MARC details
000 -LEADER
fixed length control field 00367nam a2200145Ia 4500
008 - FIXED-LENGTH DATA ELEMENTS--GENERAL INFORMATION
fixed length control field 230711s9999||||xx |||||||||||||| ||und||
041 ## - LANGUAGE CODE
Language code of text/sound track or separate title ENG
082 ## - DEWEY DECIMAL CLASSIFICATION NUMBER
Classification number 720
Item number BH-M
100 ## - MAIN ENTRY--PERSONAL NAME
Personal name Bhattacharya,A
245 #0 - TITLE STATEMENT
Title Metal cutting theory and practice
250 ## - EDITION STATEMENT
Edition statement 1st
260 ## - PUBLICATION, DISTRIBUTION, ETC.
Date of publication, distribution, etc. 1984
Place of publication, distribution, etc. Culcutta
Name of publisher, distributor, etc. New Central Book Agency
650 ## - SUBJECT ADDED ENTRY--TOPICAL TERM
Topical term or geographic name entry element Mechanical Engineering
942 ## - ADDED ENTRY ELEMENTS (KOHA)
Koha item type Book
Holdings
Withdrawn status Lost status Damaged status Not for loan Collection Home library Current library Date acquired Total checkouts Full call number Barcode Date last seen Price effective from Koha item type Date last checked out
          MRSPTU Central Library MRSPTU Central Library     720 BH-M 5988 08/17/2023 08/17/2023 Book  
          MRSPTU Central Library MRSPTU Central Library     720 BH-M 5989 08/17/2023 08/17/2023 Book  
          MRSPTU Central Library MRSPTU Central Library     720 BH-M 5990 08/17/2023 08/17/2023 Book  
          MRSPTU Central Library MRSPTU Central Library     720 BH-M 6016 08/17/2023 08/17/2023 Book  
          MRSPTU Central Library MRSPTU Central Library     720 BH-M 6017 08/17/2023 08/17/2023 Book  
          MRSPTU Central Library MRSPTU Central Library     720 BH-M 6018 08/17/2023 08/17/2023 Book  
          MRSPTU Central Library MRSPTU Central Library     720 BH-M 6019 08/17/2023 08/17/2023 Book  
          MRSPTU Central Library MRSPTU Central Library     720 BH-M 6020 08/17/2023 08/17/2023 Book  
          MRSPTU Central Library MRSPTU Central Library     720 BH-M 6021 08/17/2023 08/17/2023 Book  
          MRSPTU Central Library MRSPTU Central Library   3 720 BH-M 6022 09/30/2025 08/17/2023 Book 09/15/2025
          MRSPTU Central Library MRSPTU Central Library     720 BH-M 6023 08/17/2023 08/17/2023 Book  
          MRSPTU Central Library MRSPTU Central Library     720 BH-M 6024 08/17/2023 08/17/2023 Book  
          MRSPTU Central Library MRSPTU Central Library     720 BH-M 6025 08/17/2023 08/17/2023 Book  

Website Designed and Developed by MRSPTU Central Library Team

E-mail Id: librarian@mrsptu.ac.in